000 00320nam a22001337a 4500
008 250825b |||||||| |||| 00| 0 eng d
020 _a9780198826712
040 _a02
100 _aWIFFEN,PHILIP
245 _aOXFORD HAND BOOK OF CLINICAL PHARMACY
260 _aNEW DELHI
_bOXFORD
_c2017
300 _a728
942 _c01
999 _c65980
_d65980